Score 0/8 Timer 01:00
1 Play Today
% Correct
Cybill Shepherd
97.5%
Dorothy Dandridge
97.3%
Ivan Kozhedub
96.6%
Marshall Twitchell
95.3%
Sebastián de Morra
93.5%
Albert Einstein
91.6%
Oscar Wilde
91.5%
Pope Gregory IX
86.3%
Remove Ads.
Support Sporcle.
Get the best of Sporcle when you Go Orange. This ad-free experience offers more features, more stats, and more fun while also helping to support Sporcle. Thank you for becoming a member.

You're not logged in!

Compare scores with friends on all Sporcle quizzes.
OR
Log In

Show Comments

Extras

Top Quizzes Today


Score Distribution

Your Account Isn't Verified!

In order to create a playlist on Sporcle, you need to verify the email address you used during registration. Go to your Sporcle Settings to finish the process.

Report this User

Report this user for behavior that violates our Community Guidelines.

Details: